000 00432nam a2200169Ia 4500
008 230917s9999||||xx |||||||||||||| ||und||
020 _cRs. 250.00
040 _e5008325
_aMAIN
041 _aEnglish
082 _a412 V438I(17)
100 _aVarshney, Radhey L
245 0 _aIntroductory textbook of linguistics and phonetics
250 _a17th ed.
260 _aBareilly
_bStudent Store
_c2009
300 _a413 p.
942 _cBK
999 _c9866
_d9866